ბათუმის შოთა რუსთაველის სახელმწიფო უნივერსიტეტის ბიბლიოთეკა

School success for kids with emotional and behavioral disorders (ბიბ.ჩანაწერი № 49635)

000 -LEADER
fixed length control field 00736nam a2200241Ia 4500
001 - CONTROL NUMBER
control field 16567
003 - CONTROL NUMBER IDENTIFIER
control field GE_BSU
005 - DATE AND TIME OF LATEST TRANSACTION
control field 20200131132308.0
008 - FIXED-LENGTH DATA ELEMENTS--GENERAL INFORMATION
fixed length control field 181216s||||||||xx |||||||||||||| ||und||
020 ## - INTERNATIONAL STANDARD BOOK NUMBER
International Standard Book Number ISBN 9781593634315 (pbk.)
040 ## - CATALOGING SOURCE
Transcribing agency GE_BSU
080 ## - UNIVERSAL DECIMAL CLASSIFICATION NUMBER
Universal Decimal Classification number 372.94
100 ## - MAIN ENTRY--PERSONAL NAME
Personal name Michell R. Davis, Vincent P.Culotta,eric a.levine,&Elisabeth Hess
9 (RLIN) 6623
245 ## - TITLE STATEMENT
Title School success for kids with emotional and behavioral disorders
260 ## - PUBLICATION, DISTRIBUTION, ETC.
Place of publication, distribution, etc. Waco, Tex.
260 ## - PUBLICATION, DISTRIBUTION, ETC.
Name of publisher, distributor, etc. Prufrock Press
260 ## - PUBLICATION, DISTRIBUTION, ETC.
Date of publication, distribution, etc. 2011
300 ## - PHYSICAL DESCRIPTION
Extent xv, 297 p; ill;23 cm
653 ## - INDEX TERM--UNCONTROLLED
keyword School success for kids with emotional and behavioral disorders
653 ## - INDEX TERM--UNCONTROLLED
keyword სწავლა-განათლება
942 ## - ADDED ENTRY ELEMENTS (KOHA)
Koha item type წიგნი
Source of classification or shelving scheme
ეგზემპლარები
Withdrawn status Lost status Source of classification or shelving scheme Damaged status Not for loan Permanent Location Current Location Shelving location Date acquired Cost, normal purchase price Full call number Barcode Date last seen Copy number Price effective from Koha item type Public note
          ბათუმის შოთა რუსთაველის სახელმწიფო უნივერსიტეტის მთავარი ბიბლიოთეკა ბათუმის შოთა რუსთაველის სახელმწიფო უნივერსიტეტის მთავარი ბიბლიოთეკა წიგნსაცავი 2018-12-17 54.00 372.94 S-36 45122 2018-12-17 45122 2018-12-17 წიგნი 54 gel.